00373nam a2200121Ia 4500008004100000082001600041100001700057245004300074260004000117300001000157630001800167650006600185211109s9999||||xx |||||||||||||| ||und|| a824 bCOL-E aCollins, A S 0aEnglish Literature of the 20th Century bUniversity of TorontoaLondonc1951 a410p. xGeneral Stack aEnglish essaysvEnglish & old English LiteraturesxLiterature